UK Cities General Knowledge Quiz - Statistics

General Stats
  • This quiz has been taken 67 times
  • The average score is 13 of 20
Answer Stats
Hint Answer % Correct
Which English city is renowned as the home of both the artist Banksy and the Clifton Suspension Bridge? Bristol
95%
Which city is home to the Anfield football stadium? Liverpool
95%
Which city is home to the UK's oldest and arguably most prestigious university? Oxford
95%
And which Scottish city is known as the "Granite City"? Aberdeen
93%
Which city in the north of England is known as the "Steel City"? Sheffield
93%
In which city was the Titanic constructed? Belfast
91%
Which English city is usually described as the UK's "gay capital"? Brighton
87%
In which city does Deputy Prime Minister Angela Rayner hold her parliamentary seat? Manchester
82%
What is the name of the only city on the Isle of Man, officially designated as a city in 2022? Douglas
69%
What is the UK's northernmost city? Inverness
67%
Which UK city boasts the highest number of Greggs bakeries with 39 stores as of 2024? Glasgow
65%
Which is the largest British city located on the Solent? Southampton
64%
Which city is home to the oldest surviving professional football club in the world? Nottingham
60%
In which city were both the poet Dylan Thomas and the Archbishop of Canterbury, Rowan Williams, born? Swansea
58%
Which city in the north of England has been described as the UK's most dangerous city during recent times? Bradford
55%
What is the smallest city in the UK with under 2000 inhabitants? St Davids
55%
And what is the southernmost city in the UK? Truro
55%
Which UK city is frequently (though not always) voted as the ugliest in recent polls? Stoke-on-Trent
29%
What is the total number of cities in the UK? 76
22%
How many tube stations are there on the London Underground? 272
9%
No matching quizzes found
Score Distribution
Percent of People with Each Score
Percentile by Number Answered
Your Score History
You have not taken this quiz